Využitie historických objektov pre ubytovacie služby

Možnosti získania financií na údržbu a obnovu historických objektov a to jednak zo štátnych a európskych fondov, ako aj mnohostranným využitím v cestovnom ruchu.

Salvato in:
Dettagli Bibliografici
Autore principale: Veszprémi Sirotková, Anna, 1966-
Natura: Capitolo di libro
Lingua:slovacco
Soggetti:
Tags: Aggiungi Tag
Nessun Tag, puoi essere il primo ad aggiungerne!!

MARC

LEADER 00000naa$a2200000$$$4500
001 0012079
005 20221104094947.3
041 0 |a slo 
044 |a SK 
245 1 0 |a Využitie historických objektov pre ubytovacie služby  |c aut. Anna Sirotková 
520 |a Možnosti získania financií na údržbu a obnovu historických objektov a to jednak zo štátnych a európskych fondov, ako aj mnohostranným využitím v cestovnom ruchu. 
610 2 0 |a ruch cestovný 
610 2 0 |a pamiatky 
610 2 0 |a obce 
610 2 0 |a služby 
610 2 0 |a ubytovanie 
610 2 0 |a financie štátne 
610 2 0 |a služby 
100 1 |a Veszprémi Sirotková, Anna, 1966-